000 00297nam a22001337a 4500
008 180922b xxu||||| |||| 00| 0 eng d
020 _a9780072285185
041 _aeng
080 _23rd
_a331.101
100 _a52
101 _aBNJ
245 _aHuman Resource Management
_cNoe
942 _2udc
_cBK
999 _c48300
_d48300